MARC

LEADER 00000nam0a2200000 4500
001 362141
005 20231102011447.0
035 |a (RuTPU)RU\TPU\retro\19487 
090 |a 362141 
100 |a 20210716d1980 km y0rusy50 ca 
101 0 |a rus 
102 |a RU 
105 |a a z 001zy 
200 1 |a Стабильные бирадикалы  |f В. Н. Пармон, А. И. Кокорин, Г. М. Жидомиров  |g Академия наук СССР, Институт химической физики им. Н. Н. Семенова 
210 |a Москва  |c Наука  |d 1980 
215 |a 240 с.  |c ил. 
320 |a Библиогр.: с. 228-239 
606 1 |a Радикалы свободные  |x Химия  |2 stltpush  |3 (RuTPU)RU\TPU\subj\70569  |9 84788 
606 1 |a Химические вещества  |x Строение  |2 stltpush  |3 (RuTPU)RU\TPU\subj\17211  |9 42994 
610 1 |a бирадикалы 
610 1 |a стабильные системы 
610 1 |a стабильные радикалы 
610 1 |a химические свойства 
610 1 |a синтез 
610 1 |a электронное строение 
610 1 |a магнитные методы 
610 1 |a радиоспектроскопические методы 
610 1 |a применение 
675 |a 54.024  |v 4 
675 |a 544.1  |v 4 
700 1 |a Пармон  |b В. Н.  |g Валентин Николаевич 
701 1 |a Кокорин  |b А. И.  |g Александр Ильич 
701 1 |a Жидомиров  |b Г. М.  |g Георгий Михайлович 
712 0 2 |a Академия наук СССР  |b Институт химической физики им. Н. Н. Семенова  |c (Москва)  |2 stltpush  |3 (RuTPU)RU\TPU\col\1482  |9 23568 
801 1 |a RU  |b 63413507  |c 20210716 
942 |c BK